00963nam a2200277Ia 45000010006000000050017000060070003000230080041000260200007000670400025000740410008000990820013001071000021001202450100001412500013002412600055002543000019003096530013003286530020003416530021003617000022003829420012004049520126004169520126005429990017006684980420240114004006.0ta090601s1964 g b000 u 465 u cHB aCotton College,Assam a465 a070bSHA aShastri, D. N. . 0aPraci-Jyoti: Digest of Indological Studies /cD. N. Shastri, Buddha Prakash.hTextual Documents a1st ed / aKurukshetra :bInstitute of Indic Studies ,c1964. a309p ;c23 cm. aJournals aBV-Anthropology aT/G-Anthropology aPrakash, Buddha . 2ddccBK 001040708Circulation (T/G)aSKBLbSKBLd2012-02-01f00000l0o070 SHAp140/Oldr2024-01-14 00:00:00t2w2012-02-01yBK 001040708Circulation (BV)aSKBLbSKBLd2012-02-01f00000l0o070 SHAp136/B.V.r2024-01-14 00:00:00t1w2012-02-01yBK c49769d49769